MARC details
| 000 -LEADER |
| fixed length control field |
02080nam a2200313 a 4500 |
| 008 - FIXED-LENGTH DATA ELEMENTS--GENERAL INFORMATION |
| fixed length control field |
120416s1991 ||||||||||||||||| || u |
| 020 ## - INTERNATIONAL STANDARD BOOK NUMBER |
| International Standard Book Number |
0030329779 |
| 050 ## - LIBRARY OF CONGRESS CALL NUMBER |
| Classification number |
H 62 Jud |
| 100 ## - MAIN ENTRY--PERSONAL NAME |
| Personal name |
Kidder, Louse H |
| 245 10 - TITLE STATEMENT |
| Title |
Research methods in social relations. -- 6th ed. |
| Statement of responsibility, etc. |
Charles M. Judd; Eliot R. Smith; Louse H. Kidder |
| 250 ## - EDITION STATEMENT |
| Edition statement |
6th ed. |
| 260 ## - PUBLICATION, DISTRIBUTION, ETC. |
| Place of publication, distribution, etc. |
Chicago: |
| Name of publisher, distributor, etc. |
Holt, Rinehart and Winston |
| Date of publication, distribution, etc. |
1991 |
| 300 ## - PHYSICAL DESCRIPTION |
| Extent |
xii, 573p. ill. |
| 350 ## - |
| -- |
0.00 |
| 500 ## - GENERAL NOTE |
| General note |
48 copies in School of Business Department |
| 650 ## - SUBJECT ADDED ENTRY--TOPICAL TERM |
| Topical term or geographic name entry element |
RESEARCH COLLABORATION |
| 650 #0 - SUBJECT ADDED ENTRY--TOPICAL TERM |
| Topical term or geographic name entry element |
SOCIAL SCIENCES--RESEARCH--METHODOLOGY |
| 700 ## - ADDED ENTRY--PERSONAL NAME |
| Personal name |
Judd, Charles M |
| 700 ## - ADDED ENTRY--PERSONAL NAME |
| Personal name |
Smith, Eliot R |
| 995 ## - |
| -- |
BINDERY (DAMAGED) |
| -- |
0.00 |
| -- |
724213 |
| -- |
CBU-MAIN LIBRARY (Kitwe) |
| -- |
2 |
| -- |
2294.55 |
| -- |
H 62 Jud |
| -- |
3 |
| -- |
DAMAGED |
| -- |
002872 |
| -- |
Main Library Open Access Collection |
| 995 ## - |
| -- |
TEXTBOOKS (SB) |
| -- |
0.00 |
| -- |
01228 |
| -- |
CBU-SCHOOL TEXTBOOK COLLECTIONS |
| -- |
1 |
| -- |
0.00 |
| -- |
SCHOOL TEXTBOOK |
| -- |
7 |
| -- |
AVAILABLE |
| -- |
Sep 17, 2009 |
| -- |
01228 |
| -- |
School Collections |
| 995 ## - |
| -- |
BINDERY (DAMAGED) |
| -- |
0.00 |
| -- |
724211 |
| -- |
CBU-MAIN LIBRARY (Kitwe) |
| -- |
1 |
| -- |
2294.55 |
| -- |
H 62 JUD |
| -- |
1 |
| -- |
DAMAGED |
| -- |
002870 |
| -- |
Main Library Open Access Collection |
| 995 ## - |
| -- |
BINDERY (DAMAGED) |
| -- |
0.00 |
| -- |
724212 |
| -- |
CBU-MAIN LIBRARY (Kitwe) |
| -- |
3 |
| -- |
2294.55 |
| -- |
H 62 Jud |
| -- |
2 |
| -- |
DAMAGED |
| -- |
002871 |
| -- |
Main Library Open Access Collection |
| 995 ## - |
| -- |
TEXTBOOKS (SB) |
| -- |
0.00 |
| -- |
01227 |
| -- |
CBU-SCHOOL TEXTBOOK COLLECTIONS |
| -- |
1 |
| -- |
0.00 |
| -- |
SCHOOL TEXTBOOK |
| -- |
5 |
| -- |
AVAILABLE |
| -- |
Sep 17, 2009 |
| -- |
01227 |
| -- |
School Collections |
| 995 ## - |
| -- |
TEXTBOOKS (SB) |
| -- |
0.00 |
| -- |
01226 |
| -- |
CBU-SCHOOL TEXTBOOK COLLECTIONS |
| -- |
1 |
| -- |
0.00 |
| -- |
SCHOOL TEXTBOOK |
| -- |
5 |
| -- |
AVAILABLE |
| -- |
Sep 17, 2009 |
| -- |
01226 |
| -- |
School Collections |
| 995 ## - |
| -- |
MAIN LIBRARY OPEN ACCESS |
| -- |
0.00 |
| -- |
737954 |
| -- |
CBU-MAIN LIBRARY (Kitwe) |
| -- |
1 |
| -- |
0.00 |
| -- |
H 62 JUD |
| -- |
4 |
| -- |
AVAILABLE |
| -- |
Aug 27, 2007 |
| -- |
55576 |
| -- |
Main Library Open Access Collection |
| 995 ## - |
| -- |
TEXTBOOKS (SB) |
| -- |
0.00 |
| -- |
01229 |
| -- |
CBU-SCHOOL TEXTBOOK COLLECTIONS |
| -- |
1 |
| -- |
0.00 |
| -- |
SCHOOL TEXTBOOK |
| -- |
8 |
| -- |
AVAILABLE |
| -- |
Sep 17, 2009 |
| -- |
01229 |
| -- |
School Collections |
| 995 ## - |
| -- |
TEXTBOOKS (SB) |
| -- |
0.00 |
| -- |
01230 |
| -- |
CBU-SCHOOL TEXTBOOK COLLECTIONS |
| -- |
1 |
| -- |
0.00 |
| -- |
SCHOOL TEXTBOOK |
| -- |
9 |
| -- |
AVAILABLE |
| -- |
Sep 17, 2009 |
| -- |
01230 |
| -- |
School Collections |
| 999 ## - |
| -- |
80166 |
| -- |
80166 |